Name 5-Letter Words Containing Each Letter in Each Position - Statistics

General Stats
  • This quiz has been taken 4,452 times
  • The average score is 105 of 129
Answer Stats
Letter Position # Possible Example Words % Correct
A 1 513 about
99%
A 2 1530 water
99%
A 3 866 least
99%
B 1 621 being
98%
C 1 681 could
98%
E 2 1110 means
98%
E 4 1749 three
98%
E 5 949 while
98%
O 2 1384 would
98%
R 2 663 order
98%
S 5 2785 words
98%
E 3 580 where
97%
I 3 763 child
97%
L 4 543 whole
97%
O 3 696 those
97%
R 4 467 there
97%
T 5 491 point
97%
D 1 470 death
96%
F 1 441 first
96%
G 1 433 great
96%
I 2 1001 times
96%
N 3 659 since
96%
N 4 535 found
96%
P 1 581 place
96%
R 5 532 later
96%
S 1 1084 state
96%
T 1 567 their
96%
T 4 643 white
96%
U 2 822 human
96%
A 4 693 total
95%
E 1 198 every
95%
H 1 349 house
95%
L 1 416 large
95%
L 2 519 class
95%
M 1 460 might
95%
N 5 380 woman
95%
R 3 822 world
95%
U 3 456 court
95%
D 5 595 based
94%
J 1 139 judge
94%
L 3 609 cells
94%
O 4 482 blood
94%
R 1 434 right
94%
T 3 450 often
94%
W 1 303 which
94%
C 4 295 black
93%
H 2 391 shall
93%
O 1 185 other
93%
Q 1 56 quite
93%
Y 5 940 early
93%
B 3 231 table
92%
I 4 601 until
92%
N 1 208 never
92%
N 2 251 union
92%
A 5 389 media
91%
K 1 220 shown
91%
L 5 355 still
91%
P 2 153 space
91%
S 4 360 these
91%
V 1 167 value
91%
D 3 285 model
90%
D 4 319 study
90%
K 4 338 works
90%
P 3 255 paper
90%
G 3 253 light
89%
K 5 187 think
89%
M 3 353 women
89%
T 2 170 story
89%
U 1 123 under
89%
Y 1 100 years
89%
C 3 286 local
88%
H 5 259 south
88%
I 1 120 issue
88%
S 3 354 cases
88%
Z 1 56 zones
88%
B 2 56 abuse
87%
G 4 285 range
87%
M 4 279 terms
87%
P 4 281 steps
87%
C 2 124 scale
86%
D 2 61 added
85%
M 2 122 small
84%
U 4 265 occur
83%
B 4 151 doubt
82%
G 2 51 again
82%
S 2 66 using
82%
V 2 40 event
82%
V 3 169 given
82%
H 4 148 night
80%
W 2 99 aware
80%
F 2 14 after
79%
F 3 126 offer
78%
F 4 155 staff
78%
V 4 98 above
78%
G 5 93 among
77%
K 3 158 taken
77%
O 5 239 ratio
77%
M 5 128 claim
76%
P 5 123 group
76%
Q 2 12 equal
76%
W 3 159 power
74%
W 4 92 known
73%
X 2 45 exist
72%
F 5 55 chief
71%
H 3 70 ether
71%
X 1 13 xylem
71%
X 3 94 fixed
68%
Z 3 87 dozen
68%
Z 4 69 prize
68%
K 2 58 skill
66%
Y 3 123 style
65%
W 5 40 below
64%
Y 2 173 types
63%
B 5 38 climb
61%
C 5 99 basic
60%
Z 2 16 ozone
56%
X 5 50 index
55%
Y 4 67 plays
54%
J 3 26 major
46%
I 5 153 alibi
45%
J 2 7 fjord
42%
Q 3 8 pique
34%
Z 5 21 fritz
33%
J 4 14 banjo
27%
U 5 33 adieu
24%
X 4 8 proxy
22%
Q 4 1 burqa
7%
Q 5 2 tranq
5%
V 5 2 ganev
2%
No matching quizzes found
Score Distribution
Percent of People with Each Score
Percentile by Number Answered
Your Score History
You have not taken this quiz